000 00291nam a22001337a 4500
008 181030b xxu||||| |||| 00| 0 eng d
020 _a0323012809
041 _aeng
080 _a610
100 _a4
101 _aSHM
245 _aCritical Care Medicine
_cParrillo, J.E
942 _2udc
_cBK
999 _c51202
_d51202